Lifespan human development /

Bibliographic Details
Main Author: Ambron, Sueann Robinson
Other Authors: Brodzinsky, David
Format: Book
Language:English
Published: New York : Holt, Rinehart and Winston, [1982]
Edition:2nd ed.
Subjects:

MARC

Tag First Indicator Second Indicator Subfields
LEADER 00000pam a2200000 a 4500
001 in00000092510
005 20151008064238.0
008 811102s1982 nyua b 00110 eng
010 |a  81013506  
020 |a 0030424062 
020 |a 0030598125 
035 |a (OCoLC)07975649 
035 |9 AAK3810AM 
039 0 |a 2  |b 3  |c 3  |d 3  |e 3 
040 |a DLC  |c DLC  |d TXA  |d UtOrBLW 
049 |a TXAM  |c [951985] 
050 0 0 |a BF713  |b .A46 1982 
082 0 |a 155  |2 19 
100 1 |a Ambron, Sueann Robinson. 
245 1 0 |a Lifespan human development /  |c Sueann Robinson Ambron, David Brodzinsky. 
250 |a 2nd ed. 
264 1 |a New York :  |b Holt, Rinehart and Winston,  |c [1982] 
264 4 |c ©1982 
300 |a xiv, 623 pages, 35 unnumbered pages :  |b illustrations ;  |c 24 cm. 
336 |a text  |b txt  |2 rdacontent 
337 |a unmediated  |b n  |2 rdamedia 
338 |a volume  |b nc  |2 rdacarrier 
500 |a Includes indexes. 
504 |a Bibliography: pages [631]-[650]. 
650 0 |a Developmental psychology. 
700 1 |a Brodzinsky, David. 
999 |a MARS 
999 f f |s b69ed92b-3892-30f7-baaf-a161f04c36d7  |i d0e13936-66ee-374e-a7b6-2aa2bedf0e98  |t 0 
952 f f |p ric  |a Texas A&M University  |b Rellis Campus  |c Joint Library Facility  |d Remote Storage  |t 0  |e BF713 .A46 1982  |h Library of Congress classification  |i unmediated -- volume  |m A14806088095 
998 f f |a BF713 .A46 1982  |t 0  |l Remote Storage